00299pam a2200109 a 4500020000500000041000500005082000800010100001300018245011300031260003400144300001100178 c h bAZI aAziz, A. aFrontiers Of Management Science Vol-Iv (Management Problems Of State Public Undertakings)hTextual Documents aJaipurbPrintwell Publication a222/PB